000 00541nam a2200217Ia 4500
003 OSt
005 20220924133620.0
006 a|||||r|||| 00| 0
007 ta
008 220923b |||||||| |||| 00| 0 snd d
024 _a267505
037 _cTextual
040 _aARTS
_cARTS
_bsnd
041 _2snd
_asnd
082 _aw,1, 1593M1
100 _aHiranandani
_9154138
245 0 _aMunhinji hayatia ja sona rapa waroa
260 _c1981
942 _hw,1, 1593M1
_cTEXL
_2CC
999 _c434464
_d434464